European Union - further integration or renationalization

Bibliographic Details
Main Author: Kiss Gergő
Other Authors: Csejtei Dr. István
Format: Thesis
Kulcsszavak:Európai Unió
Integráció
Nemzetállam
Migráció
Online Access:http://dolgozattar.uni-bge.hu/19690

MARC

LEADER 00000nta a2200000 i 4500
001 dolg19690
005 20200416110434.0
008 181215suuuu hu om 000 eng d
040 |a BGE Dolgozattár Repozitórium  |b hun 
041 |a en 
100 1 |a Kiss Gergő 
245 1 0 |a European Union - further integration or renationalization  |c Kiss Gergő  |h [elektronikus dokumentum] 
246 1 1 |a Európai Unió- további integráció, vagy nemzetállamosítás 
246 1 1 |a European Union - further integration or renationalization 
695 |a Európai Unió 
695 |a Integráció 
695 |a Nemzetállam 
695 |a Migráció 
700 1 |a Csejtei Dr. István  |e ths 
856 4 0 |u http://dolgozattar.uni-bge.hu/19690/1/Kiss%20Gergo%20EU%20integration.pdf  |z Dokumentum-elérés